<?xml version="1.0" encoding="UTF-8"?>
<record
    xmlns:xsi="http://www.w3.org/2001/XMLSchema-instance"
    xsi:schemaLocation="http://www.loc.gov/MARC21/slim http://www.loc.gov/standards/marcxml/schema/MARC21slim.xsd"
    xmlns="http://www.loc.gov/MARC21/slim">

  <leader>00372pam a2200157 a 4500</leader>
  <datafield tag="020" ind1=" " ind2=" ">
    <subfield code="a">0340806915</subfield>
    <subfield code="c"></subfield>
  </datafield>
  <datafield tag="041" ind1=" " ind2=" ">
    <subfield code="h"></subfield>
  </datafield>
  <datafield tag="082" ind1=" " ind2=" ">
    <subfield code="a">618.1</subfield>
    <subfield code="b">BHA</subfield>
  </datafield>
  <datafield tag="100" ind1=" " ind2=" ">
    <subfield code="a">BHATLA, N .</subfield>
  </datafield>
  <datafield tag="245" ind1=" " ind2=" ">
    <subfield code="a">JEFFCOATE`S PRINCIPLES OF GYNAECOLOGY / </subfield>
    <subfield code="h">Textual Documents</subfield>
  </datafield>
  <datafield tag="250" ind1=" " ind2=" ">
    <subfield code="a">6 ED.</subfield>
  </datafield>
  <datafield tag="260" ind1=" " ind2=" ">
    <subfield code="a">[s.l]:</subfield>
    <subfield code="b">ARNOLD , ,</subfield>
    <subfield code="c">2001.</subfield>
  </datafield>
  <datafield tag="300" ind1=" " ind2=" ">
    <subfield code="a">808 ; :</subfield>
    <subfield code="e">HB.</subfield>
  </datafield>
  <datafield tag="930" ind1=" " ind2=" ">
    <subfield code="a">98</subfield>
  </datafield>
  <datafield tag="999" ind1=" " ind2=" ">
    <subfield code="c">794637</subfield>
    <subfield code="d">794637</subfield>
  </datafield>
  <datafield tag="650" ind1=" " ind2=" ">
    <subfield code="a">OBST.GYNE</subfield>
  </datafield>
  <datafield tag="952" ind1=" " ind2=" ">
    <subfield code="0">0</subfield>
    <subfield code="1">0</subfield>
    <subfield code="4">0</subfield>
    <subfield code="7">0</subfield>
    <subfield code="8">Text Books</subfield>
    <subfield code="a">MCS</subfield>
    <subfield code="b">MCS</subfield>
    <subfield code="d">2005-05-27</subfield>
    <subfield code="e">NATIONAL BOOK DEPOT.</subfield>
    <subfield code="g">1938.90</subfield>
    <subfield code="l">0</subfield>
    <subfield code="o">618.1 BHA</subfield>
    <subfield code="p">MCS-2055</subfield>
    <subfield code="r">2023-07-26 00:00:00</subfield>
    <subfield code="t">9</subfield>
    <subfield code="w">2023-07-26</subfield>
    <subfield code="y">BK</subfield>
  </datafield>
  <datafield tag="952" ind1=" " ind2=" ">
    <subfield code="0">0</subfield>
    <subfield code="1">0</subfield>
    <subfield code="4">0</subfield>
    <subfield code="7">0</subfield>
    <subfield code="8">Text Books</subfield>
    <subfield code="a">MCS</subfield>
    <subfield code="b">MCS</subfield>
    <subfield code="d">2005-05-27</subfield>
    <subfield code="e">NATIONAL BOOK DEPOT.</subfield>
    <subfield code="g">1938.90</subfield>
    <subfield code="l">0</subfield>
    <subfield code="o">618.1 BHA</subfield>
    <subfield code="p">MCS-2054</subfield>
    <subfield code="r">2023-07-26 00:00:00</subfield>
    <subfield code="t">8</subfield>
    <subfield code="w">2023-07-26</subfield>
    <subfield code="y">BK</subfield>
  </datafield>
  <datafield tag="952" ind1=" " ind2=" ">
    <subfield code="0">0</subfield>
    <subfield code="1">0</subfield>
    <subfield code="4">0</subfield>
    <subfield code="7">0</subfield>
    <subfield code="8">Text Books</subfield>
    <subfield code="a">MCS</subfield>
    <subfield code="b">MCS</subfield>
    <subfield code="d">2005-05-27</subfield>
    <subfield code="e">NATIONAL BOOK DEPOT.</subfield>
    <subfield code="g">1938.90</subfield>
    <subfield code="l">1</subfield>
    <subfield code="o">618.1 BHA</subfield>
    <subfield code="p">MCS-2053</subfield>
    <subfield code="q">2043-10-01</subfield>
    <subfield code="r">2023-10-06 00:00:00</subfield>
    <subfield code="s">2023-10-06</subfield>
    <subfield code="t">7</subfield>
    <subfield code="w">2023-07-26</subfield>
    <subfield code="y">BK</subfield>
  </datafield>
  <datafield tag="952" ind1=" " ind2=" ">
    <subfield code="0">0</subfield>
    <subfield code="1">0</subfield>
    <subfield code="4">0</subfield>
    <subfield code="7">0</subfield>
    <subfield code="8">Text Books</subfield>
    <subfield code="a">MCS</subfield>
    <subfield code="b">MCS</subfield>
    <subfield code="d">2005-05-27</subfield>
    <subfield code="e">NATIONAL BOOK DEPOT.</subfield>
    <subfield code="g">1938.90</subfield>
    <subfield code="l">1</subfield>
    <subfield code="o">618.1 BHA</subfield>
    <subfield code="p">MCS-2052</subfield>
    <subfield code="q">2043-10-01</subfield>
    <subfield code="r">2023-10-06 00:00:00</subfield>
    <subfield code="s">2023-10-06</subfield>
    <subfield code="t">6</subfield>
    <subfield code="w">2023-07-26</subfield>
    <subfield code="y">BK</subfield>
  </datafield>
  <datafield tag="952" ind1=" " ind2=" ">
    <subfield code="0">0</subfield>
    <subfield code="1">0</subfield>
    <subfield code="4">0</subfield>
    <subfield code="7">0</subfield>
    <subfield code="8">Text Books</subfield>
    <subfield code="a">MCS</subfield>
    <subfield code="b">MCS</subfield>
    <subfield code="d">2005-05-27</subfield>
    <subfield code="e">NATIONAL BOOK DEPOT.</subfield>
    <subfield code="g">1925.00</subfield>
    <subfield code="l">0</subfield>
    <subfield code="o">618.1 BHA</subfield>
    <subfield code="p">MCS-0551</subfield>
    <subfield code="r">2023-07-26 00:00:00</subfield>
    <subfield code="t">5</subfield>
    <subfield code="w">2023-07-26</subfield>
    <subfield code="y">BK</subfield>
  </datafield>
  <datafield tag="952" ind1=" " ind2=" ">
    <subfield code="0">0</subfield>
    <subfield code="1">0</subfield>
    <subfield code="4">0</subfield>
    <subfield code="7">0</subfield>
    <subfield code="8">Text Books</subfield>
    <subfield code="a">MCS</subfield>
    <subfield code="b">MCS</subfield>
    <subfield code="d">2005-05-27</subfield>
    <subfield code="e">NATIONAL BOOK DEPOT.</subfield>
    <subfield code="g">1925.00</subfield>
    <subfield code="l">0</subfield>
    <subfield code="o">618.1 BHA</subfield>
    <subfield code="p">MCS-0550</subfield>
    <subfield code="r">2023-07-26 00:00:00</subfield>
    <subfield code="t">4</subfield>
    <subfield code="w">2023-07-26</subfield>
    <subfield code="y">BK</subfield>
  </datafield>
  <datafield tag="952" ind1=" " ind2=" ">
    <subfield code="0">0</subfield>
    <subfield code="1">0</subfield>
    <subfield code="4">0</subfield>
    <subfield code="7">0</subfield>
    <subfield code="8">Text Books</subfield>
    <subfield code="a">MCS</subfield>
    <subfield code="b">MCS</subfield>
    <subfield code="d">2005-05-27</subfield>
    <subfield code="e">NATIONAL BOOK DEPOT.</subfield>
    <subfield code="g">1925.00</subfield>
    <subfield code="l">0</subfield>
    <subfield code="o">618.1 BHA</subfield>
    <subfield code="p">MCS-0549</subfield>
    <subfield code="r">2023-07-26 00:00:00</subfield>
    <subfield code="t">3</subfield>
    <subfield code="w">2023-07-26</subfield>
    <subfield code="y">BK</subfield>
  </datafield>
  <datafield tag="952" ind1=" " ind2=" ">
    <subfield code="0">0</subfield>
    <subfield code="1">0</subfield>
    <subfield code="4">0</subfield>
    <subfield code="7">0</subfield>
    <subfield code="8">Text Books</subfield>
    <subfield code="a">MCS</subfield>
    <subfield code="b">MCS</subfield>
    <subfield code="d">2005-05-27</subfield>
    <subfield code="e">NATIONAL BOOK DEPOT.</subfield>
    <subfield code="g">1925.00</subfield>
    <subfield code="l">1</subfield>
    <subfield code="o">618.1 BHA</subfield>
    <subfield code="p">MCS-0548</subfield>
    <subfield code="r">2026-06-20 00:00:00</subfield>
    <subfield code="s">2026-06-11</subfield>
    <subfield code="t">2</subfield>
    <subfield code="w">2023-07-26</subfield>
    <subfield code="y">BK</subfield>
  </datafield>
  <datafield tag="952" ind1=" " ind2=" ">
    <subfield code="0">0</subfield>
    <subfield code="1">0</subfield>
    <subfield code="4">0</subfield>
    <subfield code="7">0</subfield>
    <subfield code="8">Text Books</subfield>
    <subfield code="a">MCS</subfield>
    <subfield code="b">MCS</subfield>
    <subfield code="d">2005-05-27</subfield>
    <subfield code="e">NATIONAL BOOK DEPOT.</subfield>
    <subfield code="g">1925.00</subfield>
    <subfield code="l">0</subfield>
    <subfield code="o">618.1 BHA</subfield>
    <subfield code="p">MCS-0547</subfield>
    <subfield code="r">2023-07-26 00:00:00</subfield>
    <subfield code="t">1</subfield>
    <subfield code="w">2023-07-26</subfield>
    <subfield code="y">BK</subfield>
  </datafield>
</record>
